000 00664nam a22002057a 4500
005 2010080505215.0
010 _aENG-98403
020 _a9788126420957
_c100.00
035 _aEN-81936
037 _bDBAD/PUB
082 _aN
100 _aOnakkoor, George
_97246
245 _aThe wind in the mountains /
_cby George Onakkoor ;translated by Abraham Joseph
260 _aKottamyam
_bDC Books
_c2008
270 _aKottamyam
_bKottamyam
_e686012
300 1 _a135p.
_c21cm (pbk)
700 _aJoseph, Abraham
_97247
942 _2ddc
_cEN
_hN
_mONA
999 _c39573
_d39573